000 00370nam a2200133 i 4500
001 bg
100 1 _aWIŚNIEWSKI, Leszek
245 0 _aMiejscowa utrata stateczności środnika metalowych elementów pełnościennych /
_cLeszek Wiśniewski.
260 _aWrocław,
_c1982.
040 _cBPK
041 _apol
942 _cKS
008 s pl f |000 0 pol
999 _c20377
_d20377
856 _uhttp://koha.tu.koszalin.pl/cgi-bin/koha/opac-detail.pl?biblionumber=20377
_yKatalog online BPK